[Event "Quebec op"]
[Site "Montreal CAN"]
[Date "2003.07.21"]
[Round "4"]
[White "Trinh, Tri Bao"]
[Black "Lesiege, Alexandre"]
[Result "0-1"]
[WhiteElo "2045"]
[BlackElo "2535"]
[WhiteFideId "-1"]
[WhiteFideId "-1"]
[PlyCount "78"]
[GameId "2160767911293750"]
[EventDate "2003.07.12"]
[EventType "swiss"]
[EventRounds "9"]
[EventCountry "CAN"]
[SourceTitle "CBM 095 Extra"]
[Source "ChessBase"]
[SourceDate "2003.09.04"]
[SourceVersion "1"]
[SourceVersionDate "2003.09.04"]
[SourceQuality "1"]

1. e4 c5 2. c3 Nf6 3. e5 Nd5 4. d4 cxd4 5. Nf3 Nc6 6. cxd4 d6 7. Bc4 Nb6 8. Bb3 dxe5 9. d5 Na5 10. Nc3 Nxb3 11. Qxb3 e6 12. Nxe5 exd5 13. Be3 Bd6 14. Qb5+ Kf8 15. O-O-O Be6 16. Nf3 Rc8 17. Kb1 Nc4 18. Nxd5 a6 19. Qb3 Qa5 20. Bb6 Nxb6 21. Qxb6 Qxb6 22. Nxb6 Rc6 23. Nd5 g6 24. Ne3 Bc5 25. Nd4 Rd6 26. Nxe6+ Rxe6 27. Rd7 b6 28. Nd5 Kg7 29. b4 Bxf2 30. Rf1 Re2 31. Nf4 Re1+ 32. Rxe1 Bxe1 33. Nd3 Bc3 34. Kc2 Rc8 35. Kd1 Rc6 36. Ra7 a5 37. bxa5 bxa5 38. Rd7 Kf6 39. Ke2 Rc4 0-1

[Event "Quebec op"]
[Site "Montreal CAN"]
[Date "2003.07.22"]
[Round "6"]
[White "Pruess, David"]
[Black "Lesiege, Alexandre"]
[Result "0-1"]
[WhiteElo "2331"]
[BlackElo "2535"]
[WhiteFideId "-1"]
[WhiteFideId "-1"]
[PlyCount "90"]
[GameId "2160767911293788"]
[EventDate "2003.07.12"]
[EventType "swiss"]
[EventRounds "9"]
[EventCountry "CAN"]
[SourceTitle "CBM 095 Extra"]
[Source "ChessBase"]
[SourceDate "2003.09.04"]
[SourceVersion "1"]
[SourceVersionDate "2003.09.04"]
[SourceQuality "1"]

1. e4 c6 2. d4 d5 3. exd5 cxd5 4. c4 Nf6 5. Nc3 e6 6. Nf3 Bb4 7. cxd5 Nxd5 8. Bd2 O-O 9. Bd3 Nc6 10. O-O Be7 11. Qe2 Nf6 12. Ne4 Qb6 13. Bg5 Nxe4 14. Qxe4 f5 15. Qh4 Bxg5 16. Nxg5 h6 17. Nf3 Qxb2 18. Bc4 Na5 19. Rac1 Qb4 20. Ne5 Qd6 21. Rc3 Nc6 22. Nf3 Bd7 23. Re1 Rac8 24. Rce3 Nxd4 25. Qxd4 Qxd4 26. Bxe6+ Bxe6 27. Nxd4 Bxa2 28. Ra3 Bc4 29. Rxa7 Ba6 30. g3 Rc4 31. Nf3 Rfc8 32. Ne5 Re4 33. Rxe4 fxe4 34. Kg2 Kf8 35. Nd7+ Ke7 36. Nb6 Rd8 37. Ra8 Rxa8 38. Nxa8 Bc4 39. Nb6 Bb3 40. f3 exf3+ 41. Kxf3 Kd8 42. Ke4 Kc7 43. Nd5+ Bxd5+ 44. Kxd5 Kd7 45. Kc5 Ke6 0-1

[Event "Quebec op"]
[Site "Montreal CAN"]
[Date "2003.07.22"]
[Round "7"]
[White "Lesiege, Alexandre"]
[Black "Legky, Nikolay"]
[Result "1-0"]
[WhiteElo "2535"]
[BlackElo "2482"]
[WhiteFideId "-1"]
[WhiteFideId "-1"]
[PlyCount "51"]
[GameId "2160767911301999"]
[EventDate "2003.07.12"]
[EventType "swiss"]
[EventRounds "9"]
[EventCountry "CAN"]
[SourceTitle "CBM 095 Extra"]
[Source "ChessBase"]
[SourceDate "2003.09.04"]
[SourceVersion "1"]
[SourceVersionDate "2003.09.04"]
[SourceQuality "1"]

1. d4 d5 2. c4 e6 3. Nc3 Nf6 4. Bg5 Be7 5. e3 Nbd7 6. Nf3 O-O 7. Rc1 Re8 8. Bd3 dxc4 9. Bxc4 c5 10. O-O a6 11. a4 cxd4 12. Qxd4 Qa5 13. e4 Bc5 14. Qd2 Bb4 15. Qf4 e5 16. Qh4 Bxc3 17. Rxc3 Qxa4 18. Rfc1 Rf8 19. Bh6 b5 20. Qg5 Ne8 21. Bd5 b4 22. b3 Qa5 23. Rxc8 Rxc8 24. Rxc8 Kh8 25. Qe7 gxh6 26. g3 1-0

[Event "Quebec op"]
[Site "Montreal CAN"]
[Date "2003.07.23"]
[Round "8"]
[White "Mikhalevski, Victor"]
[Black "Lesiege, Alexandre"]
[Result "1/2-1/2"]
[WhiteElo "2523"]
[BlackElo "2535"]
[WhiteFideId "-1"]
[WhiteFideId "-1"]
[PlyCount "27"]
[GameId "2160767911302019"]
[EventDate "2003.07.12"]
[EventType "swiss"]
[EventRounds "9"]
[EventCountry "CAN"]
[SourceTitle "CBM 095 Extra"]
[Source "ChessBase"]
[SourceDate "2003.09.04"]
[SourceVersion "1"]
[SourceVersionDate "2003.09.04"]
[SourceQuality "1"]

1. d4 d5 2. c4 c6 3. Nf3 Nf6 4. Nc3 dxc4 5. a4 Bf5 6. Ne5 Nbd7 7. Nxc4 Qc7 8. g3 e5 9. dxe5 Nxe5 10. Bf4 Nfd7 11. Bg2 g5 12. Ne3 gxf4 13. Nxf5 O-O-O 14. Qc2 1/2-1/2

[Event "Quebec op"]
[Site "Montreal CAN"]
[Date "2003.07.23"]
[Round "9"]
[White "Lesiege, Alexandre"]
[Black "Nogueiras, Jesus"]
[Result "1/2-1/2"]
[WhiteElo "2535"]
[BlackElo "2521"]
[WhiteFideId "-1"]
[WhiteFideId "-1"]
[PlyCount "23"]
[GameId "2160767911302038"]
[EventDate "2003.07.12"]
[EventType "swiss"]
[EventRounds "9"]
[EventCountry "CAN"]
[SourceTitle "CBM 095 Extra"]
[Source "ChessBase"]
[SourceDate "2003.09.04"]
[SourceVersion "1"]
[SourceVersionDate "2003.09.04"]
[SourceQuality "1"]

1. d4 d5 2. c4 c6 3. Nc3 Nf6 4. e3 g6 5. Nf3 Bg7 6. Bd2 O-O 7. Rc1 Ne4 8. cxd5 Nxd2 9. Qxd2 cxd5 10. Be2 Nc6 11. O-O b6 12. Ne1 1/2-1/2

[Event "World op"]
[Site "Philadelphia USA"]
[Date "2003.06.30"]
[Round "1"]
[White "Lesiege, Alexandre"]
[Black "Rogers, Norman"]
[Result "1-0"]
[WhiteElo "2528"]
[BlackElo "2285"]
[WhiteFideId "-1"]
[WhiteFideId "-1"]
[PlyCount "86"]
[GameId "2129405134728664"]
[EventDate "2003.06.30"]
[EventType "swiss"]
[EventRounds "9"]
[EventCountry "USA"]
[SourceTitle "The Week in Chess 452"]
[Source "Mark Crowther"]
[SourceDate "2003.07.07"]
[SourceVersion "1"]
[SourceVersionDate "2003.07.07"]
[SourceQuality "2"]

1. d4 Nf6 2. c4 g6 3. Nc3 Bg7 4. e4 d6 5. Nf3 O-O 6. Be2 Nbd7 7. O-O e5 8. Be3 c6 9. d5 c5 10. Ne1 Ne8 11. g4 Bf6 12. Qd2 Ng7 13. Kh1 Be7 14. Rg1 Kh8 15. Nd3 Nb6 16. b3 g5 17. Bf3 Rg8 18. Ne2 a5 19. Qc3 Nd7 20. a3 Nf8 21. Ng3 Ng6 22. Nf5 Nf4 23. Nh6 Rf8 24. b4 b6 25. bxc5 bxc5 26. Rab1 Qc7 27. Rb2 Bd8 28. Nf5 Nxf5 29. gxf5 f6 30. h4 Re8 31. Rbb1 Qf7 32. Rg3 Nxd3 33. Qxd3 h5 34. Bd2 Be7 35. hxg5 fxg5 36. Bxh5 Qxh5+ 37. Rh3 Qxh3+ 38. Qxh3+ Kg7 39. Kg1 Rh8 40. Qg3 Kf7 41. Rb6 a4 42. f4 Rh7 43. fxe5 dxe5 1-0

[Event "World op"]
[Site "Philadelphia USA"]
[Date "2003.07.01"]
[Round "2"]
[White "Fernandez, Daniel"]
[Black "Lesiege, Alexandre"]
[Result "1/2-1/2"]
[WhiteElo "2295"]
[BlackElo "2528"]
[WhiteFideId "-1"]
[WhiteFideId "-1"]
[PlyCount "50"]
[GameId "2129405134728691"]
[EventDate "2003.06.30"]
[EventType "swiss"]
[EventRounds "9"]
[EventCountry "USA"]
[SourceTitle "The Week in Chess 452"]
[Source "Mark Crowther"]
[SourceDate "2003.07.07"]
[SourceVersion "1"]
[SourceVersionDate "2003.07.07"]
[SourceQuality "2"]

1. e4 c5 2. Nf3 Nc6 3. Bb5 g6 4. Bxc6 dxc6 5. d3 Bg7 6. h3 e5 7. Nc3 Qe7 8. Be3 Nf6 9. Qd2 h6 10. O-O Nd7 11. Nh2 Nf8 12. f4 exf4 13. Rxf4 Ne6 14. Rf2 Nd4 15. Raf1 Be6 16. Ng4 O-O-O 17. Nf6 Bxf6 18. Rxf6 Bf5 19. Bxh6 Qxf6 20. Bg5 Qd6 21. exf5 Nxf5 22. Bxd8 Rxd8 23. Qf2 Qd4 24. Qxd4 cxd4 25. Ne4 c5 1/2-1/2

[Event "World op"]
[Site "Philadelphia USA"]
[Date "2003.07.04"]
[Round "5"]
[White "Lesiege, Alexandre"]
[Black "Sharafuddin, Khalle"]
[Result "1-0"]
[WhiteElo "2528"]
[BlackElo "2315"]
[WhiteFideId "-1"]
[WhiteFideId "-1"]
[PlyCount "22"]
[GameId "2129405134728793"]
[EventDate "2003.06.30"]
[EventType "swiss"]
[EventRounds "9"]
[EventCountry "USA"]
[SourceTitle "The Week in Chess 452"]
[Source "Mark Crowther"]
[SourceDate "2003.07.07"]
[SourceVersion "1"]
[SourceVersionDate "2003.07.07"]
[SourceQuality "2"]

1. d4 e6 2. c4 b6 3. a3 Bb7 4. Nc3 Nf6 5. d5 Bc5 6. g3 O-O 7. Bg2 Ng4 8. Nh3 f5 9. O-O Nf6 10. Bf4 Na6 11. Rc1 Qe7 1-0

[Event "World op"]
[Site "Philadelphia USA"]
[Date "2003.07.06"]
[Round "8"]
[White "Georgiev, Vladimir"]
[Black "Lesiege, Alexandre"]
[Result "1-0"]
[WhiteElo "2552"]
[BlackElo "2528"]
[WhiteFideId "-1"]
[WhiteFideId "-1"]
[PlyCount "71"]
[GameId "2129405134728856"]
[EventDate "2003.06.30"]
[EventType "swiss"]
[EventRounds "9"]
[EventCountry "USA"]
[SourceTitle "The Week in Chess 456"]
[Source "Mark Crowther"]
[SourceDate "2003.08.04"]
[SourceVersion "1"]
[SourceVersionDate "2003.08.04"]
[SourceQuality "2"]

1. c4 c6 2. d4 d5 3. cxd5 cxd5 4. Nc3 Nf6 5. Bf4 Nc6 6. e3 a6 7. Rc1 Bf5 8. Nf3 Rc8 9. Ne5 Nxe5 10. dxe5 Ne4 11. Nxe4 Rxc1 12. Qxc1 Bxe4 13. e6 Qa5+ 14. Ke2 fxe6 15. f3 e5 16. Bxe5 Bf5 17. Kf2 Kf7 18. g4 Bd7 19. a3 e6 20. b4 Qa4 21. Bd3 Be7 22. Qb2 Bf6 23. Rc1 h5 24. Bxf6 gxf6 25. g5 e5 26. gxf6 Kxf6 27. f4 Re8 28. Rg1 Bg4 29. h3 Bxh3 30. Rg6+ Kf7 31. Rg5 Qc6 32. b5 Qf6 33. bxa6 exf4 34. Bg6+ Ke6 35. Qxf6+ Kxf6 36. Bxe8 1-0

[Event "World op"]
[Site "Philadelphia USA"]
[Date "2003.07.06"]
[Round "9"]
[White "Lesiege, Alexandre"]
[Black "Lapshun, Yury"]
[Result "1/2-1/2"]
[WhiteElo "2528"]
[BlackElo "2432"]
[WhiteFideId "-1"]
[WhiteFideId "-1"]
[PlyCount "61"]
[GameId "2129405134728905"]
[EventDate "2003.06.30"]
[EventType "swiss"]
[EventRounds "9"]
[EventCountry "USA"]
[SourceTitle "The Week in Chess 456"]
[Source "Mark Crowther"]
[SourceDate "2003.08.04"]
[SourceVersion "1"]
[SourceVersionDate "2003.08.04"]
[SourceQuality "2"]

1. d4 d5 2. c4 e6 3. Nc3 c5 4. cxd5 exd5 5. Nf3 Nc6 6. g3 Nf6 7. Bg2 Be7 8. O-O O-O 9. Bg5 h6 10. Bxf6 Bxf6 11. dxc5 Be6 12. Rc1 Qa5 13. e3 Qxc5 14. Ne4 Qe7 15. Nxf6+ Qxf6 16. Qb3 d4 17. Qxb7 Bd5 18. Qb5 Rfd8 19. Nxd4 Nxd4 20. exd4 Rab8 21. Qa5 Bxg2 22. Kxg2 Rxb2 23. d5 Qb6 24. Qxb6 axb6 25. Rfd1 Rxa2 26. d6 b5 27. Rc6 Raa8 28. Kf3 Rab8 29. Ke4 b4 30. Rb1 b3 31. Kf3 1/2-1/2

[Event "World op 31st"]
[Site "Philadelphia"]
[Date "2003.07.05"]
[Round "6"]
[White "Paschall, William"]
[Black "Lesiege, Alexandre"]
[Result "1/2-1/2"]
[WhiteElo "2429"]
[BlackElo "2528"]
[WhiteFideId "-1"]
[WhiteFideId "-1"]
[PlyCount "50"]
[GameId "1166645426151424"]
[EventDate "2003.06.30"]
[EventType "swiss"]
[EventRounds "9"]
[EventCountry "USA"]
[SourceTitle "EXT 2004"]
[Source "ChessBase"]
[SourceDate "2003.11.25"]
[SourceVersion "1"]
[SourceVersionDate "2003.11.25"]
[SourceQuality "1"]

1. Nf3 Nf6 2. d4 d5 3. c4 c6 4. Nc3 dxc4 5. a4 Bf5 6. e3 e6 7. Bxc4 Bb4 8. O-O O-O 9. Qe2 Nbd7 10. e4 Bg6 11. Bd3 Bh5 12. Bf4 Re8 13. e5 Nd5 14. Nxd5 cxd5 15. Qe3 a6 16. Rfc1 Nf8 17. Ne1 Qa5 18. Nc2 Bg6 19. Nxb4 Qxb4 20. Bxg6 Nxg6 21. Qd2 Qxd2 22. Bxd2 Rec8 23. b3 Ne7 24. Kf1 Nc6 25. Bc3 a5 1/2-1/2

[Event "World op 31st"]
[Site "Philadelphia"]
[Date "2003.07.05"]
[Round "7"]
[White "Lesiege, Alexandre"]
[Black "Donaldson, John"]
[Result "1-0"]
[WhiteElo "2528"]
[BlackElo "2428"]
[WhiteFideId "-1"]
[WhiteFideId "-1"]
[PlyCount "67"]
[GameId "1166645426225152"]
[EventDate "2003.06.30"]
[EventType "swiss"]
[EventRounds "9"]
[EventCountry "USA"]
[SourceTitle "EXT 2004"]
[Source "ChessBase"]
[SourceDate "2003.11.25"]
[SourceVersion "1"]
[SourceVersionDate "2003.11.25"]
[SourceQuality "1"]

1. Nf3 d5 2. d4 Nf6 3. c4 c6 4. Nc3 dxc4 5. a4 Bf5 6. Ne5 Nbd7 7. Nxc4 Nb6 8. Ne5 a5 9. f3 Nfd7 10. e4 Nxe5 11. exf5 Ned7 12. d5 cxd5 13. Bb5 e6 14. Qe2 Bb4 15. fxe6 fxe6 16. Qxe6+ Qe7 17. Qxe7+ Kxe7 18. Be3 Rhc8 19. O-O Bxc3 20. bxc3 Nc5 21. Rfe1 Kf7 22. Bd4 Nc4 23. Rab1 Na3 24. Rb2 Rc7 25. Bf1 Re8 26. Ra1 Nc4 27. Bxc4 dxc4 28. Bxc5 Rxc5 29. Rxb7+ Kf6 30. Rab1 Re6 31. Rd7 Rce5 32. Rd4 Re2 33. Rxc4 Ra2 34. h4 1-0

[Event "Futurity III"]
[Site "Montreal CAN"]
[Date "2003.04.16"]
[Round "1"]
[White "Lawson, Eric"]
[Black "Lesiege, Alexandre"]
[Result "0-1"]
[WhiteElo "2279"]
[BlackElo "2528"]
[WhiteFideId "-1"]
[WhiteFideId "-1"]
[PlyCount "157"]
[GameId "2160767911303072"]
[EventDate "2003.04.16"]
[EventType "tourn"]
[EventRounds "9"]
[EventCountry "CAN"]
[SourceTitle "CBM 093 Extra"]
[Source "ChessBase"]
[SourceDate "2003.05.09"]
[SourceVersion "1"]
[SourceVersionDate "2003.05.09"]
[SourceQuality "1"]

1. d4 d5 2. Bg5 c6 3. Nf3 h6 4. Bh4 Qb6 5. Qc1 g5 6. Bg3 g4 7. Ne5 Qxd4 8. c4 Bg7 9. e3 Qc5 10. Nd2 Nd7 11. Nd3 Qb6 12. a4 Nc5 13. cxd5 Nxd3+ 14. Bxd3 cxd5 15. Bb5+ Kf8 16. O-O a6 17. e4 Be6 18. exd5 Bxd5 19. Bc4 Rc8 20. a5 Qb4 21. Qd1 Bxc4 22. Ra4 Qb5 23. Nxc4 Nf6 24. Nb6 Re8 25. Re1 Qf5 26. Be5 h5 27. Rf4 Qg5 28. Qd4 Rh6 29. Qc4 Kg8 30. b4 Rg6 31. Qc7 h4 32. Rd4 g3 33. hxg3 hxg3 34. Bxg3 Nh5 35. Rd5 e5 36. Re3 f5 37. Qc4 Kh8 38. Qh4 Qxh4 39. Bxh4 Nf4 40. Rd8 Rxd8 41. Bxd8 Rxg2+ 42. Kf1 Rh2 43. Kg1 Rg2+ 44. Kf1 Rg6 45. Na4 e4 46. Re1 Nd3 47. Rb1 Bd4 48. Bb6 Bxb6 49. axb6 Rc6 50. Ke2 f4 51. Nc5 Nxc5 52. bxc5 Rxc5 53. Rb4 Rc2+ 54. Ke1 Rc6 55. Ke2 Re6 56. Rc4 Rxb6 57. Rxe4 Rf6 58. Re7 b5 59. Ra7 Kg8 60. Kf3 Rb6 61. Ke2 Kf8 62. Kd3 b4 63. Kc2 b3+ 64. Kb2 Ke8 65. f3 Kd8 66. Rf7 Rb4 67. Ra7 Kc8 68. Rxa6 Kd7 69. Ra3 Kd6 70. Rxb3 Kc5 71. Rxb4 Kxb4 72. Kc2 Kc4 73. Kd2 Kd4 74. Ke2 Kc3 75. Ke1 Kd3 76. Kf2 Kd2 77. Kf1 Ke3 78. Ke1 Kxf3 79. Kf1 0-1

[Event "Futurity III"]
[Site "Montreal CAN"]
[Date "2003.04.17"]
[Round "2"]
[White "Lesiege, Alexandre"]
[Black "Roussel-Roozmon, Thomas"]
[Result "1-0"]
[WhiteElo "2528"]
[BlackElo "2244"]
[WhiteFideId "-1"]
[WhiteFideId "-1"]
[PlyCount "33"]
[GameId "2160767911303074"]
[EventDate "2003.04.16"]
[EventType "tourn"]
[EventRounds "9"]
[EventCountry "CAN"]
[SourceTitle "CBM 093 Extra"]
[Source "ChessBase"]
[SourceDate "2003.05.09"]
[SourceVersion "1"]
[SourceVersionDate "2003.05.09"]
[SourceQuality "1"]

1. c4 b6 2. Nc3 Bb7 3. d4 e6 4. a3 f5 5. d5 Nf6 6. g3 Na6 7. Bg2 Nc5 8. Nf3 g6 9. O-O Bg7 10. Bf4 Nfe4 11. Nb5 d6 12. b4 Na6 13. Nfd4 e5 14. Ne6 Qe7 15. Be3 Nf6 16. c5 Kf7 17. Nexc7 1-0

[Event "Futurity III"]
[Site "Montreal CAN"]
[Date "2003.04.18"]
[Round "3"]
[White "Hebert, Jean"]
[Black "Lesiege, Alexandre"]
[Result "1/2-1/2"]
[WhiteElo "2417"]
[BlackElo "2528"]
[WhiteFideId "-1"]
[WhiteFideId "-1"]
[PlyCount "28"]
[GameId "2160767911303081"]
[EventDate "2003.04.16"]
[EventType "tourn"]
[EventRounds "9"]
[EventCountry "CAN"]
[SourceTitle "CBM 093 Extra"]
[Source "ChessBase"]
[SourceDate "2003.05.09"]
[SourceVersion "1"]
[SourceVersionDate "2003.05.09"]
[SourceQuality "1"]

1. Nf3 Nf6 2. d4 d5 3. c4 dxc4 4. e3 e6 5. Bxc4 c5 6. O-O a6 7. dxc5 Bxc5 8. Qxd8+ Kxd8 9. Nbd2 Ke7 10. Nb3 Bd6 11. Rd1 b6 12. Be2 Bb7 13. Nfd4 Nbd7 14. Bd2 Rac8 1/2-1/2

[Event "Futurity III"]
[Site "Montreal CAN"]
[Date "2003.04.19"]
[Round "4"]
[White "Lesiege, Alexandre"]
[Black "Quan Zhe"]
[Result "1-0"]
[WhiteElo "2528"]
[BlackElo "2226"]
[WhiteFideId "-1"]
[WhiteFideId "-1"]
[PlyCount "47"]
[GameId "2160767911303085"]
[EventDate "2003.04.16"]
[EventType "tourn"]
[EventRounds "9"]
[EventCountry "CAN"]
[SourceTitle "CBM 093 Extra"]
[Source "ChessBase"]
[SourceDate "2003.05.09"]
[SourceVersion "1"]
[SourceVersionDate "2003.05.09"]
[SourceQuality "1"]

1. d4 Nf6 2. c4 g6 3. Nc3 Bg7 4. e4 d6 5. Nf3 O-O 6. Be2 e5 7. O-O Nc6 8. d5 Ne7 9. b4 a5 10. Ba3 Nh5 11. c5 Nf4 12. b5 b6 13. cxd6 cxd6 14. Nd2 f5 15. Nc4 Nxe2+ 16. Qxe2 Rf6 17. f3 Rb8 18. Rad1 Kh8 19. f4 fxe4 20. Nxe4 Nf5 21. Nxf6 Qxf6 22. Nxd6 Nd4 23. Rxd4 Bg4 24. fxe5 1-0

[Event "Futurity III"]
[Site "Montreal CAN"]
[Date "2003.04.21"]
[Round "5"]
[White "Gilman, Arkadiy"]
[Black "Lesiege, Alexandre"]
[Result "0-1"]
[WhiteElo "2222"]
[BlackElo "2528"]
[WhiteFideId "-1"]
[WhiteFideId "-1"]
[PlyCount "62"]
[GameId "2160767911303090"]
[EventDate "2003.04.16"]
[EventType "tourn"]
[EventRounds "9"]
[EventCountry "CAN"]
[SourceTitle "CBM 093 Extra"]
[Source "ChessBase"]
[SourceDate "2003.05.09"]
[SourceVersion "1"]
[SourceVersionDate "2003.05.09"]
[SourceQuality "1"]

1. d4 d5 2. c4 e6 3. Nc3 c6 4. e3 Nf6 5. Nf3 Nbd7 6. Bd3 dxc4 7. Bxc4 b5 8. Bd3 Bb7 9. a3 b4 10. Ne4 a5 11. O-O Be7 12. Qc2 O-O 13. Nxf6+ Nxf6 14. e4 h6 15. Be3 Rc8 16. axb4 Bxb4 17. Rad1 c5 18. dxc5 Qe7 19. h3 Nd7 20. c6 Rxc6 21. Qe2 Rcc8 22. Ba6 Bxa6 23. Qxa6 Nf6 24. e5 Nd5 25. Bd2 Rc2 26. Bxb4 axb4 27. Rd2 Rxd2 28. Nxd2 Qc7 29. Nc4 b3 30. Re1 Nb4 31. Re3 Nxa6 0-1

[Event "Futurity III"]
[Site "Montreal CAN"]
[Date "2003.04.22"]
[Round "6"]
[White "Lesiege, Alexandre"]
[Black "Voskanyan, Vahagn"]
[Result "1-0"]
[WhiteElo "2528"]
[BlackElo "2314"]
[WhiteFideId "-1"]
[WhiteFideId "-1"]
[PlyCount "69"]
[GameId "2160767911303096"]
[EventDate "2003.04.16"]
[EventType "tourn"]
[EventRounds "9"]
[EventCountry "CAN"]
[SourceTitle "CBM 093 Extra"]
[Source "ChessBase"]
[SourceDate "2003.05.09"]
[SourceVersion "1"]
[SourceVersionDate "2003.05.09"]
[SourceQuality "1"]

1. d4 Nf6 2. c4 e6 3. g3 d5 4. Bg2 Nbd7 5. Nf3 Be7 6. O-O O-O 7. Qc2 c6 8. Rd1 Ne4 9. b3 Qa5 10. Bb2 f5 11. e3 Ndf6 12. Ne5 Bd7 13. f3 Ng5 14. Nc3 Be8 15. Ne2 Nd7 16. Nd3 h6 17. Nef4 Bf7 18. Re1 Rfe8 19. e4 fxe4 20. fxe4 Nxe4 21. Bxe4 dxe4 22. Rxe4 Bf6 23. Rae1 Qf5 24. Qe2 c5 25. g4 Qg5 26. Nxe6 Bxe6 27. Rxe6 Rf8 28. Ne5 Bxe5 29. dxe5 Rf4 30. Rd6 Rxg4+ 31. Kh1 Nf8 32. e6 Re8 33. e7 Nh7 34. Rd8 Nf6 35. Bxf6 1-0

[Event "Futurity III"]
[Site "Montreal CAN"]
[Date "2003.04.23"]
[Round "7"]
[White "Duong, Thanh Nha"]
[Black "Lesiege, Alexandre"]
[Result "0-1"]
[WhiteElo "2314"]
[BlackElo "2528"]
[WhiteFideId "-1"]
[WhiteFideId "-1"]
[PlyCount "62"]
[GameId "2160767911303099"]
[EventDate "2003.04.16"]
[EventType "tourn"]
[EventRounds "9"]
[EventCountry "CAN"]
[SourceTitle "CBM 093 Extra"]
[Source "ChessBase"]
[SourceDate "2003.05.09"]
[SourceVersion "1"]
[SourceVersionDate "2003.05.09"]
[SourceQuality "1"]

1. e4 c5 2. Nf3 d6 3. d4 cxd4 4. Nxd4 Nf6 5. Nc3 a6 6. Be2 e6 7. O-O Be7 8. a4 O-O 9. Be3 Nc6 10. f4 Qc7 11. Kh1 Re8 12. Bd3 Nb4 13. a5 Bd7 14. Nf3 Rac8 15. Bb6 Qb8 16. e5 Nxd3 17. Qxd3 Nd5 18. Nxd5 exd5 19. Rfe1 g6 20. Qxd5 Rxc2 21. e6 Bxe6 22. Rxe6 fxe6 23. Qxe6+ Kf8 24. Ne5 dxe5 25. fxe5 Kg7 26. Rf1 Kh8 27. Qh3 Rf8 28. Rd1 Qxe5 29. Qd3 Qe2 30. Bd4+ Kg8 31. Qb3+ Qc4 0-1

[Event "Laval XX"]
[Site "Laval CAN"]
[Date "2003.04.12"]
[Round "3"]
[White "Laframboise, Marc-Andre"]
[Black "Lesiege, Alexandre"]
[Result "0-1"]
[WhiteElo "2175"]
[BlackElo "2591"]
[WhiteFideId "-1"]
[WhiteFideId "-1"]
[PlyCount "44"]
[GameId "2160767911303126"]
[EventDate "2003.04.11"]
[EventType "swiss"]
[EventRounds "5"]
[EventCountry "CAN"]
[SourceTitle "EXT 2006"]
[Source "ChessBase"]
[SourceDate "2005.11.24"]
[SourceVersion "1"]
[SourceVersionDate "2005.11.24"]
[SourceQuality "1"]

1. d4 d5 2. c4 c6 3. Nf3 Nf6 4. Nc3 dxc4 5. a4 Bf5 6. Ne5 Na6 7. f3 Nd7 8. Nxc4 e5 9. e4 exd4 10. Qxd4 Nb4 11. Na3 Be6 12. Bf4 Nc5 13. Rd1 Bb3 14. Qxd8+ Rxd8 15. Rxd8+ Kxd8 16. Kd2 Bxa4 17. Nxa4 Nxa4 18. b3 Nc5 19. Bc4 f6 20. Kc3 b5 21. Rd1+ Kc8 22. Bf7 Nbd3 0-1

[Event "Mauricie op"]
[Site "Shawinigan CAN"]
[Date "2003.03.21"]
[Round "1"]
[White "Rousseau, Daniel"]
[Black "Lesiege, Alexandre"]
[Result "0-1"]
[WhiteElo "2071"]
[BlackElo "2589"]
[WhiteFideId "-1"]
[WhiteFideId "-1"]
[PlyCount "144"]
[GameId "2160767911303335"]
[EventDate "2003.03.21"]
[EventType "swiss"]
[EventRounds "5"]
[EventCountry "CAN"]
[SourceTitle "EXT 2022"]
[Source "ChessBase"]
[SourceDate "2021.10.06"]
[SourceVersion "1"]
[SourceVersionDate "2021.10.06"]
[SourceQuality "1"]

1. e4 c5 2. Nf3 Nc6 3. d4 cxd4 4. Nxd4 Nf6 5. Nc3 e5 6. Ndb5 d6 7. Bg5 a6 8. Bxf6 gxf6 9. Na3 b5 10. Nd5 f5 11. exf5 Bxf5 12. c3 Bg7 13. Nc2 O-O 14. Nce3 Be6 15. a4 Ne7 16. axb5 Nxd5 17. Nxd5 axb5 18. Rb1 e4 19. Qd2 Bxd5 20. Qxd5 b4 21. cxb4 e3 22. Bd3 exf2+ 23. Kxf2 Qf6+ 24. Qf5 Qxf5+ 25. Bxf5 Rfb8 26. Ra1 Rxa1 27. Rxa1 Bxb2 28. Rb1 Rxb4 29. Ke2 Rb5 30. Be4 Re5 31. Kd3 Ba3 32. Rb8+ Kg7 33. Rd8 f5 34. Bf3 Bc5 35. Kc4 Kg6 36. Rg8+ Kf6 37. Rh8 Re7 38. Kd5 Kg5 39. Rg8+ Kf4 40. Rb8 Ke3 41. Kc4 Re6 42. Rb7 h6 43. Bd5 Rg6 44. Re7+ Kf2 45. Rf7 Rg5 46. Be4 Ke3 47. Bf3 f4 48. Bd5 Bd4 49. Re7+ Be5 50. Re6 h5 51. Re7 Kf2 52. Rh7 Kg1 53. h3 Kf2 54. Ra7 Rg3 55. Ra2+ Kg1 56. Rc2 Re3 57. Rc1+ Kh2 58. Rc2 h4 59. Bc6 Kg3 60. Bd5 f3 61. gxf3 Kxh3 62. f4 Bxf4 63. Kd4 Re7 64. Rc3+ Bg3 65. Rc2 Kg4 66. Rc8 Be5+ 67. Kd3 h3 68. Rg8+ Kh4 69. Ke2 h2 70. Kf1 Ra7 71. Ra8 Rc7 72. Ra4+ Kg5 0-1

[Event "Mauricie op"]
[Site "Shawinigan CAN"]
[Date "2003.03.21"]
[Round "2"]
[White "Lesiege, Alexandre"]
[Black "Plante, Rejean"]
[Result "1-0"]
[WhiteElo "2589"]
[BlackElo "2164"]
[WhiteFideId "-1"]
[WhiteFideId "-1"]
[PlyCount "65"]
[GameId "2160767911303342"]
[EventDate "2003.03.21"]
[EventType "swiss"]
[EventRounds "5"]
[EventCountry "CAN"]
[SourceTitle "EXT 2006"]
[Source "ChessBase"]
[SourceDate "2005.11.24"]
[SourceVersion "1"]
[SourceVersionDate "2005.11.24"]
[SourceQuality "1"]

1. d4 d5 2. c4 e6 3. Nc3 Nf6 4. Nf3 Be7 5. Bf4 O-O 6. e3 a6 7. c5 Nc6 8. Bd3 Nh5 9. Be5 f6 10. Bg3 Nxg3 11. hxg3 f5 12. g4 g6 13. gxf5 exf5 14. Qb3 Be6 15. Qxb7 Qd7 16. Qb3 Rfb8 17. Qc2 Nb4 18. Qd2 Nxd3+ 19. Qxd3 Rxb2 20. O-O Bf6 21. Rab1 Rxb1 22. Rxb1 Qc6 23. Rb3 Re8 24. Ne2 Bf7 25. Qb1 Kg7 26. Nf4 Be6 27. Rb7 Bc8 28. Ra7 Kg8 29. Qb8 Bd7 30. Qxc7 Qxc7 31. Rxc7 Be6 32. Rc6 Kf7 33. Rxa6 1-0